| 000 | 01170nam a2200253 i 4500 | ||
|---|---|---|---|
| 003 | EG-ScBUE | ||
| 005 | 20240128114119.0 | ||
| 008 | 120404s1971 ua f b 000 0 bara d | ||
| 017 | _a1971 / 3632 | ||
| 040 |
_aEG-ScBUE _bara _erda _cEG-ScBUE _dEG-ScBUE |
||
| 043 | _af-ua--- | ||
| 082 | 0 | 4 |
_a962.063 _bج م ا _222 |
| 245 | 0 | 0 |
_aجمال عبد الناصر والقومية العربية : _bالثورة الاجتماعية، محاربة الاستعمار القديم والجديد / _cبقلم المقدم إبراهيم محمد الفحام [وثلاثة آخرون]. |
| 264 | 1 |
_aالقاهرة : _bمعهد تدريب ضباط الشرطة، _c[1971] |
|
| 300 |
_a462 صفحة ؛ _c22 سم |
||
| 336 |
_2rdacontent _aنص _btxt |
||
| 337 |
_aبدون وسيط _2rdamedia _bn |
||
| 338 |
_aمجلد _bnc _2rdacarrier |
||
| 504 | _aيشتمل على إرجاعات ببليوجرافية. | ||
| 600 | 1 | 7 |
_2BUEsh _aعبد الناصر، جمال، _d1918-1970. |
| 651 | 7 |
_915361 _aمصر _xتاريخ _yالعصر الحديث _yجمال عبد الناصر (1954-1970). _2BUEsh |
|
| 700 | 1 |
_aفحام، إبراهيم محمد، _eمؤلف. |
|
| 942 |
_2ddc _cBB |
||
| 999 |
_c16633 _d16633 |
||